ASP.NET 2.0 : a developer's notebook /

Bibliographic Details
Main Author: Lee, Wei-Meng
Format: Book
Language:English
Published: Sebastopol, CA : O'Reilly Media, 2005.
Edition:1st ed.
Subjects:

MARC

Tag First Indicator Second Indicator Subfields
LEADER 00000cam a22000008a 4500
001 in00002067775
005 20151102051943.0
008 040903s2005 caua e 001 0 eng
015 |a GBA504247  |2 bnb 
016 7 |a 013085441  |2 Uk 
020 |a 0596008120 (pbk.) 
024 3 |a 9780596008123 
035 |a (OCoLC)ocm57485492 
040 |a UKM  |c UKM  |d BAKER  |d CUS  |d TXA  |d UtOrBLW 
049 |a TXAM 
082 0 4 |a 005.2'76  |2 22 
090 |a TK5105.8885.A26  |b L434 2005 
100 1 |a Lee, Wei-Meng. 
245 1 0 |a ASP.NET 2.0 :  |b a developer's notebook /  |c Wei-Meng Lee. 
250 |a 1st ed. 
264 1 |a Sebastopol, CA :  |b O'Reilly Media,  |c 2005. 
300 |a xx, 326 pages :  |b illustrations ;  |c 24 cm. 
336 |a text  |b txt  |2 rdacontent 
337 |a unmediated  |b n  |2 rdamedia 
338 |a volume  |b nc  |2 rdacarrier 
500 |a Includes index. 
630 0 0 |a Active server pages. 
650 0 |a Internet programming. 
650 0 |a Web site development. 
948 |a cataloged  |b h  |c 2005/8/22  |d c  |e mphillip  |f 3:35:04 pm 
994 |a C0  |b TXA 
999 |a MARS 
999 f f |s 763f0890-6beb-34ba-821e-262cf8853be6  |i 72533916-ed93-3774-b634-2300088707f7  |t 0 
952 f f |p normal  |a Texas A&M University  |b College Station  |c Sterling C. Evans Library  |d Evans: Library Stacks  |t 0  |e TK5105.8885.A26 L434 2005  |h Library of Congress classification  |i unmediated -- volume  |m A14832956771 
998 f f |a TK5105.8885.A26 L434 2005  |t 0  |l Evans: Library Stacks